| 000 | 00487nam a22001577a 4500 | ||
|---|---|---|---|
| 999 |
_c8636 _d8636 |
||
| 003 | OSt | ||
| 008 | 200527b ||||| |||| 00| 0 eng d | ||
| 020 | _a9781609134020 | ||
| 100 | _aSinko Patrick J. | ||
| 245 | _aMartin's Physical Pharmacy and Pharmaceutical Sciences | ||
| 250 | _a7th | ||
| 260 |
_aNew Delhi _bLippincott Williams and Wilkins _c2019 |
||
| 300 | _a701 | ||
| 650 | _aPharmaceutics- Drug Delivery Systems,Pharmaceutical Engineering regulraty Science | ||
| 942 |
_2ddc _cBK _07 |
||